00744 2200241 4500001002100000005001700021008004100038035002400079082001200103090002200115100001700137245004600154250001000200260015700210300002400367500002600391650002200417700001200439850001500451985000600466999001500472999001500487YOGYA-0209000002969220090227024351.0 ind  0010-020900000029692 a959.814 a959.814bGal HlT aGALBA, Sindu aHikayat Raja HandaqcSindu Galba, Mustari aEd. 1 aJakartabProyek Pengkajian Pembinaan Nilai-nilai Pusat, Direktorat Sejarah dan Nilai Tradisional, Direktorat Jendral Kebudayaan, Departemen Dikbudc1995 aviii, 71 hlmc24 cm aBibliografi : hlm. 71 aKebudayaan - Riau aMustari aYOPDYOG(B) a2 a98A0029924 a98A0029925